00433nam a2200121Ia 4500008004100000245007300041245002200114260000900136650002600145856004800171999001900219952007300238171211s9999 xx 000 0 und d aPetit Collage: 25 Easy Craft and Décor Projects for a Playful Home cLorena Siminovich c2014 xFamily and Friendship uhttp://down.ebook777.com/065/0385345089.pdf c350236d350236 001040aCLbCLd2017-12-11l0r2017-12-11 00:00:00w2017-12-11yCBE